Répartition nationalités ligue 1 - Statistiques

Statistiques générales
  • Ce quiz a été pris 79 fois
  • Le résultat moyen est 8 sur 10
Statistiques - réponses
Hint Réponse % Correct
201 France
100%
16 Algérie
94%
12 Maroc
94%
23 Brésil
88%
20 Portugal
79%
21 Sénégal
76%
14 Belgique
67%
17 Cameroun
63%
16 Mali
51%
13 Cote d'ivoire
43%
Aucun quiz correspondant
Distribution des résultats
% des personnes avec chaque résultat
Percentile par nombre de réponses
Votre historique - résultats
Vous n’avez pas pris ce quiz